<?xml version="1.0" encoding="UTF-8"?>
<record
    xmlns:xsi="http://www.w3.org/2001/XMLSchema-instance"
    xsi:schemaLocation="http://www.loc.gov/MARC21/slim http://www.loc.gov/standards/marcxml/schema/MARC21slim.xsd"
    xmlns="http://www.loc.gov/MARC21/slim">

  <leader>01540nam0a22003371  4500</leader>
  <controlfield tag="001">rc\4119836</controlfield>
  <controlfield tag="005">20250611100639.0</controlfield>
  <datafield tag="021" ind1=" " ind2=" ">
    <subfield code="a">RU</subfield>
    <subfield code="b">[48-29238]</subfield>
  </datafield>
  <datafield tag="035" ind1=" " ind2=" ">
    <subfield code="a">(NLR Aleph) 008151613</subfield>
  </datafield>
  <datafield tag="090" ind1=" " ind2=" ">
    <subfield code="a">7780277</subfield>
    <subfield code="c">7780277</subfield>
  </datafield>
  <datafield tag="100" ind1=" " ind2=" ">
    <subfield code="a">20130415d1948    |||y0rusy50      ca</subfield>
  </datafield>
  <datafield tag="101" ind1="0" ind2=" ">
    <subfield code="a">rus</subfield>
  </datafield>
  <datafield tag="102" ind1=" " ind2=" ">
    <subfield code="a">RU</subfield>
  </datafield>
  <datafield tag="105" ind1=" " ind2=" ">
    <subfield code="a">a   z   |||||</subfield>
  </datafield>
  <datafield tag="200" ind1="1" ind2=" ">
    <subfield code="a">&#x41E;&#x43F;&#x440;&#x435;&#x434;&#x435;&#x43B;&#x438;&#x442;&#x435;&#x43B;&#x44C; &#x43D;&#x430;&#x441;&#x435;&#x43A;&#x43E;&#x43C;&#x44B;&#x445; &#x415;&#x432;&#x440;&#x43E;&#x43F;&#x435;&#x439;&#x441;&#x43A;&#x43E;&#x439; &#x447;&#x430;&#x441;&#x442;&#x438; &#x421;&#x421;&#x421;&#x420;</subfield>
    <subfield code="f">&#x41F;&#x43E;&#x434; &#x440;&#x435;&#x434;. &#x421;.&#x41F;. &#x422;&#x430;&#x440;&#x431;&#x438;&#x43D;&#x441;&#x43A;&#x43E;&#x433;&#x43E; &#x438; &#x41D;.&#x41D;. &#x41F;&#x43B;&#x430;&#x432;&#x438;&#x43B;&#x44C;&#x449;&#x438;&#x43A;&#x43E;&#x432;&#x430;</subfield>
  </datafield>
  <datafield tag="210" ind1=" " ind2=" ">
    <subfield code="a">&#x41C;&#x43E;&#x441;&#x43A;&#x432;&#x430;</subfield>
    <subfield code="a">&#x41B;&#x435;&#x43D;&#x438;&#x43D;&#x433;&#x440;&#x430;&#x434;</subfield>
    <subfield code="c">&#x421;&#x435;&#x43B;&#x44C;&#x445;&#x43E;&#x437;&#x433;&#x438;&#x437;</subfield>
    <subfield code="d">1948</subfield>
    <subfield code="g">&#x422;&#x438;&#x43F;. "&#x41F;&#x435;&#x447;. &#x434;&#x432;&#x43E;&#x440;" &#x432; &#x41B;. [&#x438; &#x434;&#x440;.]</subfield>
  </datafield>
  <datafield tag="215" ind1=" " ind2=" ">
    <subfield code="a">1128 &#x441;.</subfield>
    <subfield code="c">&#x438;&#x43B;.</subfield>
    <subfield code="d">26</subfield>
  </datafield>
  <datafield tag="300" ind1=" " ind2=" ">
    <subfield code="a">&#x41D;&#x430; &#x43E;&#x431;&#x43E;&#x440;&#x43E;&#x442;&#x435; &#x442;&#x438;&#x442;. &#x43B;. &#x441;&#x43E;&#x441;&#x442;.: &#x410;.&#x418;. &#x410;&#x440;&#x433;&#x438;&#x440;&#x43E;&#x43F;&#x443;&#x43B;&#x43E;, &#x41A;.&#x412;. &#x410;&#x440;&#x43D;&#x43E;&#x43B;&#x44C;&#x434;&#x438;, &#x413;.&#x42F;. &#x411;&#x435;&#x439;-&#x411;&#x438;&#x435;&#x43D;&#x43A;&#x43E; [&#x438; &#x434;&#x440;.]</subfield>
  </datafield>
  <datafield tag="320" ind1=" " ind2=" ">
    <subfield code="a">&#x423;&#x43A;&#x430;&#x437;&#x430;&#x442;&#x435;&#x43B;&#x44C; &#x442;&#x435;&#x440;&#x43C;&#x438;&#x43D;&#x43E;&#x432; &#x438; &#x423;&#x43A;&#x430;&#x437;&#x430;&#x442;&#x435;&#x43B;&#x44C; &#x440;&#x443;&#x441;. &#x438; &#x43B;&#x430;&#x442;. &#x43D;&#x430;&#x437;&#x432;&#x430;&#x43D;&#x438;&#x439;: &#x441;. 1096-1127</subfield>
  </datafield>
  <datafield tag="320" ind1=" " ind2=" ">
    <subfield code="a">&#x411;&#x438;&#x431;&#x43B;&#x438;&#x43E;&#x433;&#x440;. &#x432; &#x442;&#x435;&#x43A;&#x441;&#x442;&#x435;</subfield>
  </datafield>
  <datafield tag="606" ind1=" " ind2=" ">
    <subfield code="a">&#x41D;&#x430;&#x441;&#x435;&#x43A;&#x43E;&#x43C;&#x44B;&#x435;</subfield>
    <subfield code="y">&#x415;&#x432;&#x440;&#x43E;&#x43F;&#x435;&#x439;&#x441;&#x43A;&#x430;&#x44F; &#x447;&#x430;&#x441;&#x442;&#x44C; &#x421;&#x421;&#x421;&#x420;</subfield>
    <subfield code="j">&#x41E;&#x43F;&#x440;&#x435;&#x434;&#x435;&#x43B;&#x438;&#x442;&#x435;&#x43B;&#x438;</subfield>
    <subfield code="2">psbo</subfield>
  </datafield>
  <datafield tag="702" ind1=" " ind2="1">
    <subfield code="a">&#x410;&#x440;&#x433;&#x438;&#x440;&#x43E;&#x43F;&#x443;&#x43B;&#x43E;</subfield>
    <subfield code="b">&#x410;.&#x418;.</subfield>
    <subfield code="g">&#x410;&#x43D;&#x430;&#x442;&#x43E;&#x43B;&#x438;&#x439; &#x418;&#x432;&#x430;&#x43D;&#x43E;&#x432;&#x438;&#x447;</subfield>
    <subfield code="4">220</subfield>
  </datafield>
  <datafield tag="702" ind1=" " ind2="1">
    <subfield code="a">&#x410;&#x440;&#x43D;&#x43E;&#x43B;&#x44C;&#x434;&#x438;</subfield>
    <subfield code="b">&#x41A;.&#x412;.</subfield>
    <subfield code="4">220</subfield>
  </datafield>
  <datafield tag="702" ind1=" " ind2="1">
    <subfield code="a">&#x41F;&#x43B;&#x430;&#x432;&#x438;&#x43B;&#x44C;&#x449;&#x438;&#x43A;&#x43E;&#x432;</subfield>
    <subfield code="b">&#x41D;.&#x41D;.</subfield>
    <subfield code="4">340</subfield>
  </datafield>
  <datafield tag="702" ind1=" " ind2="1">
    <subfield code="a">&#x422;&#x430;&#x440;&#x431;&#x438;&#x43D;&#x441;&#x43A;&#x438;&#x439;</subfield>
    <subfield code="b">&#x421;.&#x41F;.</subfield>
    <subfield code="g">&#x421;&#x435;&#x440;&#x433;&#x435;&#x439; &#x41F;&#x435;&#x442;&#x440;&#x43E;&#x432;&#x438;&#x447;</subfield>
    <subfield code="4">340</subfield>
  </datafield>
  <datafield tag="702" ind1=" " ind2="1">
    <subfield code="a">&#x411;&#x435;&#x439;-&#x411;&#x438;&#x435;&#x43D;&#x43A;&#x43E;</subfield>
    <subfield code="b">&#x413;.&#x42F;.</subfield>
    <subfield code="4">220</subfield>
  </datafield>
  <datafield tag="801" ind1=" " ind2="0">
    <subfield code="a">RU</subfield>
    <subfield code="b">NLR</subfield>
    <subfield code="g">psbo</subfield>
  </datafield>
  <datafield tag="801" ind1=" " ind2="1">
    <subfield code="a">RU</subfield>
    <subfield code="b">ELAR</subfield>
    <subfield code="2">rusmarc</subfield>
  </datafield>
  <datafield tag="852" ind1=" " ind2=" ">
    <subfield code="a">NLR</subfield>
    <subfield code="j">&#x417;02 &#x413;-7/41</subfield>
  </datafield>
  <datafield tag="942" ind1=" " ind2=" ">
    <subfield code="c">BOOK</subfield>
  </datafield>
  <datafield tag="980" ind1=" " ind2=" ">
    <subfield code="a">NB</subfield>
  </datafield>
  <datafield tag="995" ind1=" " ind2=" ">
    <subfield code="5">2013-10-26</subfield>
    <subfield code="b">NLR02</subfield>
    <subfield code="c">NLR02</subfield>
    <subfield code="e">RFS</subfield>
    <subfield code="f">8151613-10</subfield>
    <subfield code="k">&#x417;02 &#x413;-7/41</subfield>
    <subfield code="o">0</subfield>
    <subfield code="r">BOOK</subfield>
    <subfield code="s">02_741</subfield>
  </datafield>
</record>
